En defensa de la agricultura (Record no. 52809)

MARC details
000 -LEADER
campo de control de longitud fija 00534nam a2200145 i 4500
001 - NÚMERO DE CONTROL
campo de control 52809
003 - IDENTIFICADOR DE NÚMERO DE CONTROL
campo de control ES-MaACL
005 - FECHA Y HORA DE LA ÚLTIMA TRANSACCIÓN
campo de control 20230906162641.0
007 - CAMPO FIJO DE DESCRIPCIÓN FÍSICA--INFORMACIÓN GENERAL
campo de control de longitud fija t|
008 - DATOS DE LONGITUD FIJA--INFORMACIÓN GENERAL
campo de control de longitud fija 030904s1933 sp ||||1| spa d
245 00 - MENCIÓN DEL TÍTULO
Título En defensa de la agricultura
Resto del título : exponentes de la exportación canaria de plátanos, vicios y males de que adolece y remedios para evitarlos : problemas fruteros /
Mención de responsabilidad, etc. por un agricultor.
260 ## - PUBLICACIÓN, DISTRIBUCIÓN, ETC.
Lugar de publicación, distribución, etc. [S.l. :
Nombre del editor, distribuidor, etc. s.n.,
Fecha de publicación, distribución, etc. 1933] (
Lugar de fabricación/manufactura Orotava :
Fabricante Antonio Herreros)
300 ## - DESCRIPCIÓN FÍSICA
Extensión 140 p. ;
Dimensiones 22 cm.
852 ## - LOCALIZACIÓN
Ubicación ES-MaACL
Número de control de estantería 1782-F-4
Holdings
Estatus retirado Estado de pérdida Estado de daño No para préstamo Colección Biblioteca de origen Biblioteca actual Ubicación en estantería Fecha de adquisición Fuente de adquisición Total de préstamos Signatura topográfica completa Código de barras Visto por última vez Precio de reemplazo Tipo de ítem Koha
        Colección de folletos Biblioteca del Ateneo de Madrid Biblioteca del Ateneo de Madrid Depósito folletos 17/01/2008     1782-F-4 1055500 23/02/2023 23/02/2023 Folleto